| 000 | 02111nam2a2200265 i 4500 | ||
|---|---|---|---|
| 001 | RU\NLR\BIBL_A\011603193 | ||
| 005 | 20240729051044.0 | ||
| 010 |
_a9785946143516 _995 |
||
| 021 |
_aRU _b2017-100218 _97229 |
||
| 035 | _a(RuMoRGB)009499596 | ||
| 035 | _a(NLR Aleph) 011603193 | ||
| 090 |
_a10900933 _c10900933 |
||
| 100 | _a20180126d2015 km y0rusy50 ca | ||
| 101 | 0 | _arus | |
| 102 | _aRU | ||
| 105 | _aa j 000zy | ||
| 200 | 0 | _aЧ. 1 | |
| 210 | _d2015 | ||
| 215 |
_a374 с. _cил. |
||
| 320 | _aБиблиогр. в конце разд. | ||
| 461 | 0 |
_1001RU\NLR\BIBL_A\011625588 _12001#$aУправление грузовой и коммерческой работой на железнодорожном транспорте$eкурс лекций для студентов специальностей 23.05.04 - "Эксплуатация железных дорог", 23.03.01 - "Технология транспортных процессов", 43.03.01 - "Сервис" очной и заочной форм обучения$eв двух частях$fВ. И. Меньших$gФедеральное агентство железнодорожного транспорта, Уральский государственный университет путей сообщения, Кафедра "Станции, узлы и грузовая работа"$vЧ. 1 _1700#1$aМеньших$bВ. И.$gВалентина Ивановна _911006594 _aМеньших, В. И. _cЕкатеринбург _d2015 _fВ. И. Меньших _nУрГУПС _oкурс лекций для студентов специальностей 23.05.04 - "Эксплуатация железных дорог", 23.03.01 - "Технология транспортных процессов", 43.03.01 - "Сервис" очной и заочной форм обучения : в двух частях _tУправление грузовой и коммерческой работой на железнодорожном транспорте _vЧ. 1 |
|
| 942 | _cBOOK | ||
| 980 | _aNBR | ||